| 000 | 00439nam a2200145 a 4500 | ||
|---|---|---|---|
| 005 | 20140513081056.0 | ||
| 008 | 070905s19uu xx 00 eng d | ||
| 050 |
_aDVD _bPu984 2005 |
||
| 100 | _aLucado, Max | ||
| 245 |
_aPunchinello and the most marvelous gift /(motion picture) / _cMax Lucado. |
||
| 260 |
_aPhilippines : _bLighthouse educational, _c2005. |
||
| 500 | _aApprox 40 min. | ||
| 520 | _aA story about Giving | ||
| 999 |
_c116547 _d116547 |
||